[Event "OP-2012-0-02180"]
[Site "LSS email"]
[Date "2012.05.03"]
[Round "?"]
[White "Molina, Vicente Andres"]
[Black "Paraq, Emi"]
[Result "1-0"]
[WhiteElo "844"]
[BlackElo "800"]
[PlyCount "45"]
[EventDate "2012.04.30"]
[EventType "tourn (corr)"]
[EventRounds "4"]
[EventCountry "GER"]
[SourceTitle "Telechess CBM 155"]
[Source "ChessBase"]
[SourceDate "2013.07.16"]
[SourceVersion "1"]
[SourceVersionDate "2013.07.16"]
[SourceQuality "1"]

1. c4 d5 2. cxd5 Qxd5 3. Nc3 Qd8 4. d4 Nf6 5. e4 e6 6. Nf3 Bb4 7. Bd3 Bxc3+ 8. bxc3 b6 9. 0-0 Qd6 10. e5 Qc6 11. exf6 gxf6 12. Qe2 Qxc3 13. Bb2 Qa5 14. d5 Qxd5 15. Be4 Ba6 16. Bxd5 c6 17. Bxc6+ Nxc6 18. Qxa6 0-0 19. Bxf6 Nb4 20. Qe2 Nd5 21. Bd4 Nf4 22. Qe5 Ng6 23. Qg7# 1-0

[Event "OP-2012-0-02180"]
[Site "LSS email"]
[Date "2012.05.03"]
[Round "?"]
[White "Paraq, Emi"]
[Black "Khan, Valery"]
[Result "0-1"]
[WhiteElo "800"]
[BlackElo "1852"]
[PlyCount "74"]
[EventDate "2012.04.30"]
[EventType "tourn (corr)"]
[EventRounds "4"]
[EventCountry "GER"]
[SourceTitle "Telechess CBM 155"]
[Source "ChessBase"]
[SourceDate "2013.07.16"]
[SourceVersion "1"]
[SourceVersionDate "2013.07.16"]
[SourceQuality "1"]

1. e4 c5 2. Qh5 e6 3. Nc3 Nc6 4. Bd3 Nb4 5. Nf3 Nf6 6. Qe5 c4 7. a3 Nc6 8. Qb5 cxd3 9. Qxd3 d5 10. exd5 Nxd5 11. Nxd5 Qxd5 12. Qxd5 exd5 13. 0-0 Bg4 14. Re1+ Be7 15. Ne5 Nxe5 16. Rxe5 Be6 17. d3 Bf6 18. Re3 0-0 19. a4 Rfe8 20. a5 d4 21. Re1 Rac8 22. Re2 Bd7 23. Rxe8+ Bxe8 24. Bf4 Rxc2 25. Re1 Bb5 26. g3 Rxb2 27. Bb8 a6 28. f4 Bc6 29. g4 Bh4 30. Rc1 Bf2+ 31. Kf1 Be3 32. Rc5 Bg2+ 33. Ke1 h5 34. gxh5 Bf3 35. Rc8+ Kh7 36. Rh8+ Kxh8 37. f5 Rb1# 0-1